00963nas a2200229Ia 4500001002700000003001000027008004100037040002500078041001300103100005000116210004300166222004300209245020100252250001100453260000900464501012300473300001800596362002300614500005000637650003500687700001100722A50/R027-3017 [r000000129]IT-MiCISF161014c99999999xx |||||||||||| ||und|| aIT-MiCISFcIT-MiCISF aITALIANO aCamera dei Deputati e Senato della Repubblica aIl diritto di famiglia e delle persone aIl diritto di famiglia e delle persone 0aLegge 29 luglio 1988 n.331: "Modifica dell'articolo 710 del Codice di procedura civile in materia di modificabilità dei provvedimenti del tribunale nei casi di separazione personale dei coniugi" a1a ed. c1988 bCISF - Centro Internazionale Studi Famiglia - Via Giotto, 36 20145 MILANO (non commercial uses only)cCopyright 2016 app. 1553-1556 a3, lug-set. [1988] a Tema: legislazione, divorzio, custodia-figli aFAMIGLIA - divorziovdocumento aAA.VV.